LIBRARY ONLINE CATALOGUE

Effective Bible Study. (Record no. 21612)

MARC details
000 -LEADER
fixed length control field 00767cam a2200265u 4500
001 - CONTROL NUMBER
control field 6527769
003 - CONTROL NUMBER IDENTIFIER
control field OSt
005 - DATE AND TIME OF LATEST TRANSACTION
control field 20260415095943.0
008 - FIXED-LENGTH DATA ELEMENTS--GENERAL INFORMATION
fixed length control field 820519s1956 miu 000 0 eng
010 ## - LIBRARY OF CONGRESS CONTROL NUMBER
LC control number 56026035
035 ## - SYSTEM CONTROL NUMBER
System control number 6527769
040 ## - CATALOGING SOURCE
Original cataloging agency DLC
Transcribing agency CarP
Modifying agency DLC
050 00 - LIBRARY OF CONGRESS CALL NUMBER
Classification number BS600
Item number .V6 1956
100 1# - MAIN ENTRY--PERSONAL NAME
Personal name Vos, Howard Frederic,
Dates associated with a name 1925-
245 10 - TITLE STATEMENT
Title Effective Bible Study.
260 ## - PUBLICATION, DISTRIBUTION, ETC. (IMPRINT)
Place of publication, distribution, etc. Grand Rapids,
Name of publisher, distributor, etc. Zondervan Pub. House
Date of publication, distribution, etc. [1956]
300 ## - PHYSICAL DESCRIPTION
Extent 224 p.
Dimensions 22 cm.
336 ## - CONTENT TYPE
Content type term text
Content type code txt
Source rdacontent
337 ## - MEDIA TYPE
Media type term unmediated
Media type code n
Source rdamedia
338 ## - CARRIER TYPE
Carrier type term volume
Carrier type code nc
Source rdacarrier
630 00 - SUBJECT ADDED ENTRY--UNIFORM TITLE
Uniform title Bible
General subdivision Study and teaching.
906 ## - LOCAL DATA ELEMENT F, LDF (RLIN)
a 0
b cbc
c premunv
d u
e ncip
f 19
g y-gencatlg
942 ## - ADDED ENTRY ELEMENTS (KOHA)
Source of classification or shelving scheme Library of Congress Classification
Koha item type General Collection
Holdings
Withdrawn status Lost status Source of classification or shelving scheme Not for loan Home library Current library Shelving location Date acquired Source of acquisition Inventory number Total Checkouts Full call number Barcode Date last seen Copy number Price effective from Koha item type
    Library of Congress Classification   Kabarak, Main Campus Kabarak, Main Campus General Stacks 15/04/2026 Donation 2025/2975   BS600 .V6 1956 C.1 39879 15/04/2026 C.1 15/04/2026 General Collection